Engineering economy : managing effectively in technology-based organizations

Saved in:
Bibliographic Details
Main Author: Thamhain, Hans J. (Hans Jurgen) 1936-
Format: Book
Language:English
Published: New York : Wiley, c1992
Series:Wiley series in engineering and technology management
Subjects:
Tags: Add Tag
No Tags, Be the first to tag this record!

MARC

LEADER 00000nam a2200000 i 4500
001 1/17081
008 010209s1992 eng d
020 |a 0-471-82801-7 
035 |l 10066007 
040 |a GR-MY-UA  |b gre  |e aacr 
041 0 |a eng 
082 0 |a 620.0068 
100 1 |a Thamhain, Hans J.  |q (Hans Jurgen)  |d 1936- 
245 1 0 |a Engineering economy :  |b managing effectively in technology-based organizations /  |c Hans J. Thamhain 
260 |a New York :   |b Wiley,   |c c1992 
300 |a xii, 574 p. 
490 1 |a Wiley series in engineering and technology management 
504 |a Includes bibliographical references and index 
650 0 0 |a Engineering  |x Management. 
830 0 |a Wiley series in engineering and technology management 
852 |a INST  |b CHIOS  |e 20010209  |h 620.0068 THA  |p 005200021391  |q 005200021391  |t BK  |y 0 
901 |a BIBL2-2001-1 
909 |a Χ  |b 084066 
922 |a 2ΕΛΗ  |b 200011  |c ΤΜΟΔ  |d ΜΙΧΑΛΟΠΟΥΛΟΣ 
950 |a 186-2000-09-14 
970 |a ΣΑΛΑΜΟΥΡΑ  |b ΜΑΡΙΑ  |z 2001/02/20